000 00276nam a2200109Ia 4500
001 588681
005 20250717120836.0
008 250717s9999 xx 000 0 und d
245 0 _aY-2 FATİH SULTAN MEHMED
_cERHAN AFYONCU
260 _bYEDİTEPE YAYINLARI
_c2019
300 _b240
999 _c588681
_d588681